000 01278nam a2200301 i 4500
003 EG-GICUC
005 20260121101742.0
008 260119s1999 ts ||||fr|||| 00| 0 ara d
040 _a EG-GICUC
_bara
_c EG-GICUC
_d EG-GICUC
_erda
041 0 _aara
082 0 4 _221
_a345.46
_bم ح . أ
092 0 4 _221
099 _aLaw1 07 345.46 م ح . أ 1999
100 0 _aمحمد فتوح محمد عثمان
_eمؤلف.
245 1 0 _aأصول كتابة التقارير الإدارية والفنية :
_bفي الشرطة والأمن العام والمخابرات (متضمنة نماذج للتقارير ) /
_cتأليف الدكتور/ محمد فتوح محمد عثمان.
264 3 _aدبي :
_bمطابع البيان،
_c1999.
300 _a461 صفحة؛
_c24 سم.
336 _2rda content
_atext
337 _2rda media
_aComputer
338 _2rda carrier
_aOnline Resource
504 _aيشتمل على إرجاعات ببليوجرافية.
546 _aالنص أغلبه باللغة العربية مع بعض النصوص الإنجليزية
650 1 4 _aتقارير الكفاية
650 1 4 _aالقانون الإداري
856 4 0 _uhttps://fll.law.cu.edu.eg/fulltext/bks/B07-02124.pdf
905 _a32
942 _2ddc
_cBK
_e21
_n0
999 _c57942
_d57942